{"text_format":"3","workbook":"xlsx","n_sheets":1,"sheets":["t450"],"read":"whole","date_system":"1900"}

{"sheet":"t450","index":0,"n_rows":162,"n_cols":7,"rows_kept":162,"merged":[[0,0,0,6],[28,0,28,5],[42,0,42,5],[145,0,145,5]]}
["TABELA 450.1 - Estatísticas Agrícolas, Município de Potim, Estado de São Paulo, 2016/17."]
["ITEM","UNIDADE","N.DE UPAs","MÍNIMO","MÉDIO","MÁXIMO","TOTAL"]
["Distância à sede do município","km",36,0.5,{"v":6.92,"d":"6.9"},{"v":26,"d":"26.0"},"-"]
["Área total","hectare",36,{"v":14,"d":"14.0"},{"v":113.02,"d":"113.0"},{"v":550,"d":"550.0"},{"v":4068.7,"d":"4,068.7"}]
["Área com cultura perene","hectare",4,0.1,{"v":1.95,"d":"2.0"},{"v":4,"d":"4.0"},7.8]
["Área com cultura temporária","hectare",26,{"v":1,"d":"1.0"},{"v":22.84,"d":"22.8"},{"v":100,"d":"100.0"},593.8]
["Área com pastagem","hectare",35,{"v":11,"d":"11.0"},{"v":85.74,"d":"85.7"},{"v":446,"d":"446.0"},{"v":3000.8,"d":"3,000.8"}]
["Área com reflorestamento","hectare",4,0.5,{"v":7.23,"d":"7.2"},26.4,28.9]
["Área com vegetação natural","hectare",24,0.5,{"v":11.57,"d":"11.6"},{"v":60,"d":"60.0"},277.7]
["Área com vegetação de brejo e várzea","hectare",3,0.5,10.7,30.6,32.1]
["Área em descanso","hectare","-","-","-","-",{"v":0,"d":"0.0"}]
["Área complementar","hectare",35,0.1,{"v":3.65,"d":"3.7"},{"v":79,"d":"79.0"},127.6]
["Área das UPAs com (0, 1] ha","hectare","-","-","-","-","-"]
["Área das UPAs com (1, 2] ha","hectare","-","-","-","-","-"]
["Área das UPAs com (2, 5] ha","hectare","-","-","-","-","-"]
["Área das UPAs com (5, 10] ha","hectare","-","-","-","-","-"]
["Área das UPAs com (10, 20] ha","hectare",7,{"v":14,"d":"14.0"},{"v":16.31,"d":"16.3"},{"v":19,"d":"19.0"},114.2]
["Área das UPAs com (20, 50] ha","hectare",9,{"v":21,"d":"21.0"},{"v":32.72,"d":"32.7"},47.1,294.5]
["Área das UPAs com (50, 100] ha","hectare",8,53.1,{"v":73.31,"d":"73.3"},{"v":97,"d":"97.0"},586.5]
["Área das UPAs com (100, 200] ha","hectare",4,107.3,117.3,141.9,469.2]
["Área das UPAs com (200, 500] ha","hectare",6,204.8,{"v":253,"d":"253.0"},{"v":400,"d":"400.0"},{"v":1518,"d":"1,518.0"}]
["Área das UPAs com (500, 1.000] ha","hectare",2,536.3,{"v":543.15,"d":"543.2"},{"v":550,"d":"550.0"},{"v":1086.3,"d":"1,086.3"}]
["Área das UPAs com (1.000, 2.000] ha","hectare","-","-","-","-","-"]
["Área das UPAs com (2.000, 5.000] ha","hectare","-","-","-","-","-"]
["Área das UPAs com (5.000, 10.000] ha","hectare","-","-","-","-","-"]
["Área das UPAs acima de 10.000 ha","hectare","-","-","-","-","-"]
["Fonte: Secretaria de Agricultura e Abastecimento, CDRS/IEA, Projeto LUPA."]
[]
["TABELA 450.2 - Explorações Animais, Município de Potim, Estado de São Paulo, 2016/17."]
["ITEM","UNIDADE","N.DE UPAs","MÍNIMO","MÉDIO","MÁXIMO","TOTAL"]
["Asininos e muares","cabecas",12,{"v":1,"d":"1.0"},{"v":2,"d":"2.0"},{"v":8,"d":"8.0"},{"v":24,"d":"24.0"}]
["Avicultura de corte","cabecas/ano",3,{"v":40,"d":"40.0"},{"v":53.33,"d":"53.3"},{"v":60,"d":"60.0"},{"v":160,"d":"160.0"}]
["Avicultura ornamental/decorativa/exotica","cabecas",1,{"v":10,"d":"10.0"},{"v":10,"d":"10.0"},{"v":10,"d":"10.0"},{"v":10,"d":"10.0"}]
["Avicultura para ovos","cabecas",2,{"v":15,"d":"15.0"},17.5,{"v":20,"d":"20.0"},{"v":35,"d":"35.0"}]
["Bovinocultura de corte","cabecas",18,{"v":15,"d":"15.0"},{"v":274.56,"d":"274.6"},{"v":2500,"d":"2,500.0"},{"v":4942,"d":"4,942.0"}]
["Bovinocultura leiteira","cabecas",13,{"v":17,"d":"17.0"},{"v":91.31,"d":"91.3"},{"v":239,"d":"239.0"},{"v":1187,"d":"1,187.0"}]
["Bovinocultura mista","cabecas",1,{"v":123,"d":"123.0"},{"v":123,"d":"123.0"},{"v":123,"d":"123.0"},{"v":123,"d":"123.0"}]
["Bubalinocultura","cabecas",1,{"v":355,"d":"355.0"},{"v":355,"d":"355.0"},{"v":355,"d":"355.0"},{"v":355,"d":"355.0"}]
["Equinocultura","cabecas",23,{"v":1,"d":"1.0"},{"v":4.17,"d":"4.2"},{"v":30,"d":"30.0"},{"v":96,"d":"96.0"}]
["Suinocultura","cabecas",1,{"v":10,"d":"10.0"},{"v":10,"d":"10.0"},{"v":10,"d":"10.0"},{"v":10,"d":"10.0"}]
["Fonte: Secretaria de Agricultura e Abastecimento, CDRS/IEA, Projeto LUPA."]
[]
["TABELA 450.3 -  Máquinas, Implementos e Benfeitorias, Município de Potim, Estado de São Paulo, 2016/17."]
["ITEM","UNIDADE","N.DE UPAs","MÍNIMO","MÉDIO","MÁXIMO","TOTAL"]
["Arado comum (bacia, aiveca)","unidade",10,{"v":1,"d":"1.0"},1.5,{"v":2,"d":"2.0"},{"v":15,"d":"15.0"}]
["Arado escarificador","unidade",3,{"v":1,"d":"1.0"},{"v":1.67,"d":"1.7"},{"v":2,"d":"2.0"},{"v":5,"d":"5.0"}]
["Arado subsolador","unidade",1,{"v":1,"d":"1.0"},{"v":1,"d":"1.0"},{"v":1,"d":"1.0"},{"v":1,"d":"1.0"}]
["Carregadeira de cana","unidade",2,{"v":2,"d":"2.0"},2.5,{"v":3,"d":"3.0"},{"v":5,"d":"5.0"}]
["Carreta de trator","unidade",8,{"v":1,"d":"1.0"},{"v":3.25,"d":"3.3"},{"v":5,"d":"5.0"},{"v":26,"d":"26.0"}]
["Colhedeira acoplada","unidade",1,{"v":1,"d":"1.0"},{"v":1,"d":"1.0"},{"v":1,"d":"1.0"},{"v":1,"d":"1.0"}]
["Colhedeira automotriz","unidade",1,{"v":1,"d":"1.0"},{"v":1,"d":"1.0"},{"v":1,"d":"1.0"},{"v":1,"d":"1.0"}]
["Computador","unidade",1,{"v":1,"d":"1.0"},{"v":1,"d":"1.0"},{"v":1,"d":"1.0"},{"v":1,"d":"1.0"}]
["Conj.irrigacao autopropelido","unidade",1,{"v":1,"d":"1.0"},{"v":1,"d":"1.0"},{"v":1,"d":"1.0"},{"v":1,"d":"1.0"}]
["Desintegrador de palha (plantio direto)","unidade",1,{"v":1,"d":"1.0"},{"v":1,"d":"1.0"},{"v":1,"d":"1.0"},{"v":1,"d":"1.0"}]
["Desintegrador, picador, triturador","unidade",19,{"v":1,"d":"1.0"},{"v":1.58,"d":"1.6"},{"v":3,"d":"3.0"},{"v":30,"d":"30.0"}]
["Distribuidor de calcario","unidade",9,{"v":1,"d":"1.0"},{"v":1.11,"d":"1.1"},{"v":2,"d":"2.0"},{"v":10,"d":"10.0"}]
["Ensiladeira","unidade",11,{"v":1,"d":"1.0"},{"v":1.36,"d":"1.4"},{"v":2,"d":"2.0"},{"v":15,"d":"15.0"}]
["Grade aradora (tipo romi)","unidade",11,{"v":1,"d":"1.0"},{"v":1.27,"d":"1.3"},{"v":2,"d":"2.0"},{"v":14,"d":"14.0"}]
["Grade niveladora","unidade",11,{"v":1,"d":"1.0"},{"v":1.27,"d":"1.3"},{"v":2,"d":"2.0"},{"v":14,"d":"14.0"}]
["Implementos para tracao animal","unidade",3,{"v":1,"d":"1.0"},{"v":1.33,"d":"1.3"},{"v":2,"d":"2.0"},{"v":4,"d":"4.0"}]
["Misturador de racao","unidade",4,{"v":1,"d":"1.0"},{"v":1.25,"d":"1.3"},{"v":2,"d":"2.0"},{"v":5,"d":"5.0"}]
["Mmicrotrator","unidade",1,{"v":1,"d":"1.0"},{"v":1,"d":"1.0"},{"v":1,"d":"1.0"},{"v":1,"d":"1.0"}]
["Ordenhadeira mecanica","unidade",13,{"v":1,"d":"1.0"},{"v":1.23,"d":"1.2"},{"v":2,"d":"2.0"},{"v":16,"d":"16.0"}]
["Pulverizador tratorizado","unidade",5,{"v":1,"d":"1.0"},{"v":1,"d":"1.0"},{"v":1,"d":"1.0"},{"v":5,"d":"5.0"}]
["Resfriador de leite, tanque expansao","unidade",12,{"v":1,"d":"1.0"},{"v":1.33,"d":"1.3"},{"v":2,"d":"2.0"},{"v":16,"d":"16.0"}]
["Retroescavadeira","unidade",1,{"v":1,"d":"1.0"},{"v":1,"d":"1.0"},{"v":1,"d":"1.0"},{"v":1,"d":"1.0"}]
["Roçadeira costal","unidade",2,{"v":1,"d":"1.0"},{"v":1,"d":"1.0"},{"v":1,"d":"1.0"},{"v":2,"d":"2.0"}]
["Roçadeira tratorizada","unidade",2,{"v":1,"d":"1.0"},{"v":1,"d":"1.0"},{"v":1,"d":"1.0"},{"v":2,"d":"2.0"}]
["Roçadora","unidade",7,{"v":1,"d":"1.0"},{"v":1.14,"d":"1.1"},{"v":2,"d":"2.0"},{"v":8,"d":"8.0"}]
["Semeadeira/adubadeira para plantio convencional","unidade",7,{"v":1,"d":"1.0"},{"v":1.29,"d":"1.3"},{"v":3,"d":"3.0"},{"v":9,"d":"9.0"}]
["Semeadeira/plantadeira plantio direto","unidade",4,{"v":1,"d":"1.0"},{"v":1,"d":"1.0"},{"v":1,"d":"1.0"},{"v":4,"d":"4.0"}]
["Trator de pneus  acima de 85 cv","unidade",6,{"v":1,"d":"1.0"},{"v":1.83,"d":"1.8"},{"v":5,"d":"5.0"},{"v":11,"d":"11.0"}]
["Trator de pneus até 65 cv","unidade",12,{"v":1,"d":"1.0"},{"v":1.58,"d":"1.6"},{"v":3,"d":"3.0"},{"v":19,"d":"19.0"}]
["Trator de pneus de 66 cv a 85 cv","unidade",8,{"v":1,"d":"1.0"},{"v":1.88,"d":"1.9"},{"v":5,"d":"5.0"},{"v":15,"d":"15.0"}]
["Acude/represa","unidade",15,{"v":1,"d":"1.0"},{"v":2.53,"d":"2.5"},{"v":5,"d":"5.0"},{"v":38,"d":"38.0"}]
["Almoxarifado/oficina","unidade",12,{"v":1,"d":"1.0"},{"v":1,"d":"1.0"},{"v":1,"d":"1.0"},{"v":12,"d":"12.0"}]
["Armazem para graos ensacados","sacas",6]
["Balanca para bovinos","unidade",4,{"v":1,"d":"1.0"},{"v":1,"d":"1.0"},{"v":1,"d":"1.0"},{"v":4,"d":"4.0"}]
["Barracao/galpao/garagem","unidade",18,{"v":1,"d":"1.0"},{"v":1.33,"d":"1.3"},{"v":3,"d":"3.0"},{"v":24,"d":"24.0"}]
["Casa de moradia habitada","unidade",30,{"v":1,"d":"1.0"},2.3,{"v":7,"d":"7.0"},{"v":69,"d":"69.0"}]
["Casa de moradia total","unidade",30,{"v":1,"d":"1.0"},{"v":2.77,"d":"2.8"},{"v":7,"d":"7.0"},{"v":83,"d":"83.0"}]
["Curral/mangueira","unidade",26,{"v":1,"d":"1.0"},{"v":1.42,"d":"1.4"},{"v":8,"d":"8.0"},{"v":37,"d":"37.0"}]
["Deposito/tulha","unidade",9,{"v":1,"d":"1.0"},{"v":1,"d":"1.0"},{"v":1,"d":"1.0"},{"v":9,"d":"9.0"}]
["Estabulo","unidade",11,{"v":1,"d":"1.0"},{"v":1.27,"d":"1.3"},{"v":2,"d":"2.0"},{"v":14,"d":"14.0"}]
["Estufa/plasticultura","m2",1]
["Instalacoes para equinos","unidade",2,{"v":1,"d":"1.0"},10.5,{"v":20,"d":"20.0"},{"v":21,"d":"21.0"}]
["Pocilga","unidade",3,{"v":1,"d":"1.0"},{"v":1,"d":"1.0"},{"v":1,"d":"1.0"},{"v":3,"d":"3.0"}]
["Poco semi-artesiano","unidade",8,{"v":1,"d":"1.0"},{"v":1.13,"d":"1.1"},{"v":2,"d":"2.0"},{"v":9,"d":"9.0"}]
["Silo para graos","ton",1]
["Silo para silagem","ton",15]
["Terreiro","m2",1]
["Fonte: Secretaria de Agricultura e Abastecimento, CDRS/IEA, Projeto LUPA."]
[]
["TABELA 450.4 - Outras Estatísticas Agrícolas, Município de Potim, Estado de São Paulo, 2016/17."]
["ITEM","Número de UPAs",null,"Percentual"]
["Faz Parte de Associação de Produtores",28,null,{"v":77.77777777777779,"d":"77.8"}]
["Faz Parte de Cooperativa de Produtores",28,null,{"v":77.77777777777779,"d":"77.8"}]
["Faz Parte do Sindicato de Produtores",26,null,{"v":72.22222222222223,"d":"72.2"}]
["Não utiliza assistência técnica ",5,null,{"v":13.88888888888889,"d":"13.9"}]
["Utiliza somente assistência técnica governamental ",1,null,{"v":2.7777777777777777,"d":"2.8"}]
["Utiliza somente assistência técnica privada ",17,null,{"v":47.22222222222222,"d":"47.2"}]
["Utiliza assistência técnica tanto governamental quanto privada",13,null,{"v":36.111111111111114,"d":"36.1"}]
["Utiliza Crédito Rural",15,null,{"v":41.666666666666664,"d":"41.7"}]
["Utiliza Seguro Rural",7,null,{"v":19.444444444444446,"d":"19.4"}]
["Utiliza Escrituração Agrícola",19,null,{"v":52.77777777777778,"d":"52.8"}]
["Acessa Internet p/ Fins na Agropecuária",16,null,{"v":44.44444444444445,"d":"44.4"}]
["Utiliza Computador nas Atividades Agropecuárias",14,null,{"v":38.88888888888889,"d":"38.9"}]
["Utiliza Energia Elétrica Para Uso na Atividade Agrícola",34,null,{"v":94.44444444444444,"d":"94.4"}]
["Utiliza Energia Alternativa",1,null,{"v":2.7777777777777777,"d":"2.8"}]
["Realiza Análise de Solo, quando necessário",26,null,{"v":72.22222222222223,"d":"72.2"}]
["Realiza Calagem",13,null,{"v":36.111111111111114,"d":"36.1"}]
["Utiliza Práticas de Conservação de Solo, quando necessário",14,null,{"v":38.88888888888889,"d":"38.9"}]
["Faz Adubação Mineral, quando necessário",31,null,{"v":86.11111111111111,"d":"86.1"}]
["Faz Adubação Orgânica, quando necessário",24,null,{"v":66.66666666666667,"d":"66.7"}]
["Faz Adubação Verde, quando necessário",2,null,{"v":5.555555555555555,"d":"5.6"}]
["Utiliza Manejo Integrado de Pragas (MIP)",1,null,{"v":2.7777777777777777,"d":"2.8"}]
["Utiliza Hidroponia","-",null,"-"]
["Utiliza Cultivo em Estufa","-",null,"-"]
["Utiliza Mudas Fiscalizadas",1,null,{"v":2.7777777777777777,"d":"2.8"}]
["Utiliza Semente Melhorada",23,null,{"v":63.88888888888889,"d":"63.9"}]
["Faz Confinamento de Bovinos",3,null,{"v":8.333333333333334,"d":"8.3"}]
["Utiliza Pastejo Intensivo",10,null,{"v":27.777777777777775,"d":"27.8"}]
["Faz Inseminação Artificial",7,null,{"v":19.444444444444446,"d":"19.4"}]
["Faz Mineralização do Rebanho",29,null,{"v":80.55555555555554,"d":"80.6"}]
["Faz Vermifugação do Rebanho",29,null,{"v":80.55555555555554,"d":"80.6"}]
["Possui Parceiros /Arrendatários na Exploração Animal",15,null,{"v":41.666666666666664,"d":"41.7"}]
["Existência de trabalhadores c/ deficiência na UPA","-",null,"-"]
["Esporte e lazer",3,null,{"v":8.333333333333334,"d":"8.3"}]
["Extração mineral","-",null,"-"]
["Hotel Fazenda, Pousada ou SPA","-",null,"-"]
["Pesque-pague","-",null,"-"]
["Restaurante ou Lanchonete","-",null,"-"]
["Transformação artesanal",1,null,{"v":2.7777777777777777,"d":"2.8"}]
["Turismo rural ou ecoturismo","-",null,"-"]
["Outras atividades econômicas rurais",1,null,{"v":2.7777777777777777,"d":"2.8"}]
["Agroindústria","-",null,"-"]
["Proprietário sem instrução ou com instrução incompleta","-",null,"-"]
["Proprietário com antigo primário completo",4,null,{"v":11.111111111111112,"d":"11.1"}]
["Proprietário com 1° grau (ou antigo ginasial) completo",3,null,{"v":8.333333333333334,"d":"8.3"}]
["Proprietário com 2° grau (ou antigo colegial) completo",12,null,{"v":33.333333333333336,"d":"33.3"}]
["Proprietário com curso superior completo ",15,null,{"v":41.666666666666664,"d":"41.7"}]
["Pessoa Jurídica",2,null,{"v":5.555555555555555,"d":"5.6"}]
["Proprietário residente na própria UPA ",7,null,{"v":19.444444444444446,"d":"19.4"}]
["Fonte: Secretaria de Agricultura e Abastecimento, CDRS/IEA, Projeto LUPA."]
[]
["TABELA 450.5 - Área Cultivada, Município de Potim, Estado de São Paulo, 2016/17."]
["CULTURA","N.DE UPAs","MÍNIMO","MÉDIO","MÁXIMO","TOTAL"]
["Braquiaria",34,{"v":2,"d":"2.0"},{"v":81.86,"d":"81.9"},{"v":446,"d":"446.0"},{"v":2783.2,"d":"2,783.2"}]
["Arroz",6,{"v":7,"d":"7.0"},{"v":61.45,"d":"61.5"},{"v":100,"d":"100.0"},368.7]
["Milho-silagem",9,2.5,{"v":14.94,"d":"14.9"},{"v":45,"d":"45.0"},134.5]
["Cana-de-acucar outras finalidades",18,{"v":1,"d":"1.0"},{"v":6.47,"d":"6.5"},{"v":40,"d":"40.0"},116.5]
["Outras gramineas para pastagem",1,99.9,99.9,99.9,99.9]
["Capim-napier (ou capim-elefante)",20,0.2,{"v":4.11,"d":"4.1"},{"v":20,"d":"20.0"},82.2]
["Soja",1,{"v":30,"d":"30.0"},{"v":30,"d":"30.0"},{"v":30,"d":"30.0"},{"v":30,"d":"30.0"}]
["Eucalipto",4,0.5,{"v":7.23,"d":"7.2"},26.4,28.9]
["Coloniao",3,{"v":2,"d":"2.0"},{"v":9,"d":"9.0"},{"v":18,"d":"18.0"},{"v":27,"d":"27.0"}]
["Gramas",2,1.5,{"v":4.25,"d":"4.3"},{"v":7,"d":"7.0"},8.5]
["Lichia",3,0.7,{"v":2.57,"d":"2.6"},{"v":4,"d":"4.0"},7.7]
["Mandioca",1,{"v":2,"d":"2.0"},{"v":2,"d":"2.0"},{"v":2,"d":"2.0"},{"v":2,"d":"2.0"}]
["Horta domestica",1,0.1,0.1,0.1,0.1]
["Pomar domestico",1,0.1,0.1,0.1,0.1]
["Fonte: Secretaria de Agricultura e Abastecimento, CDRS/IEA, Projeto LUPA."]